[Event "London Classic FIDE Open"]
[Site "London ENG"]
[Date "2011.12.04"]
[Round "2"]
[White "Varnam, Liam D"]
[Black "De Lagontrie, Jean"]
[Result "1-0"]
[WhiteElo "2059"]
[BlackElo "1912"]
[WhiteFideId "410950"]
[BlackFideId "605271"]
[EventDate "2011.12.03"]

1. e4 e6 2. d4 d5 3. Nc3 Bb4 4. e5 c5 5. a3 Bxc3+ 6. bxc3 Ne7 7. Nf3 Bd7 8. Be2
Ba4 9. O-O c4 10. Rb1 b5 11. Ng5 h6 12. Nh3 Nbc6 13. f4 Qd7 14. g4 g6 15. Bd2
O-O-O 16. Be1 Rdg8 17. Bh4 Kc7 18. Qd2 Rc8 19. Nf2 g5 20. fxg5 Ng6 21. Bg3 hxg5
22. Nd1 Rcg8 23. Ne3 Kc8 24. Rf6 Rh7 25. Rbf1 Nd8 26. Bf3 Ne7 27. Bg2 Rgg7 28.
Nd1 Ng8 29. R6f3 Ne7 30. Nf2 Ng8 31. Nh3 Qe7 32. Qc1 Nh6 33. Rf6 Nxg4 34. Nxg5
Rxg5 35. Qxg5 Nxf6 36. exf6 Qd7 37. Rf2 Rh8 38. Qg7 Re8 39. h4 e5 40. Bxe5 Nc6
41. Kh2 Nd8 42. Bh3 Ne6 43. Bxe6 Qxe6 44. h5 b4 45. axb4 Bd7 46. Rf3 Qg4 47.
Qxg4 Bxg4 48. Rf1 Bxh5 49. Ra1 Kb7 50. Ra5 Rd8 51. Rc5 Rd7 52. Rb5+ Ka6 53. Rb8
Bg6 54. Kg3 Bxc2 55. Kf4 Ba4 56. Kg5 Bc2 57. Re8 Kb7 58. Kh6 Bg6 59. Rb8+ Ka6
60. Kg7 Bh5 61. Kg8 Bg6 62. Bf4 Bh5 63. Kf8 Bg4 64. Re8 Bh5 65. Re7 Rb7 66. Bd6
Rb6 67. Bc5 Rb8+ 68. Kg7 Kb5 69. Rxa7 Kc6 70. Rxf7 Bxf7 71. Kxf7 Kd7 72. Kg6 1-0

[Event "London Classic FIDE Open"]
[Site "London ENG"]
[Date "2011.12.04"]
[Round "2"]
[White "Wright, Jonathan ENG"]
[Black "Hansen, Pal Andreas"]
[Result "1/2-1/2"]
[WhiteElo "1846"]
[BlackElo "2056"]
[WhiteFideId "418331"]
[BlackFideId "1506145"]
[EventDate "2011.12.03"]

1. e4 Nf6 2. e5 Nd5 3. d4 d6 4. f4 dxe5 5. fxe5 Bf5 6. a3 e6 7. Nf3 Be7 8. c4
Nb6 9. Be3 Nc6 10. b4 O-O 11. Nbd2 f6 12. b5 Nb8 13. exf6 Bxf6 14. Nb3 Qe7 15.
Ra2 a6 16. bxa6 Nxa6 17. Qd2 Nb8 18. Nc5 N8d7 19. Nxd7 Nxd7 20. Be2 Rxa3 21. c5
Rfa8 22. Rxa3 Rxa3 23. O-O Be4 24. Qc1 Ra2 25. Nd2 Bd5 26. Bf3 Bg5 27. Ne4 Bxe3+
28. Qxe3 h6 29. Nc3 Bxf3 30. Nxa2 Bd5 31. Nc3 Bc4 32. Re1 Nf6 33. Qe5 Qf7 34. h3
Nd5 35. Nxd5 exd5 1/2-1/2

[Event "London Classic FIDE Open"]
[Site "London ENG"]
[Date "2011.12.04"]
[Round "2"]
[White "Warman, Simon M"]
[Black "Fields, Francis E"]
[Result "1-0"]
[WhiteElo "2056"]
[BlackElo "1897"]
[WhiteFideId "408867"]
[BlackFideId "409367"]
[EventDate "2011.12.03"]

1. e4 c5 2. f4 d5 3. Bb5+ Nc6 4. exd5 Qxd5 5. Qe2 a6 6. Nc3 Qd6 7. Bxc6+ Qxc6 8.
Nf3 Nf6 9. Ne5 Qc7 10. O-O e6 11. d3 Be7 12. a4 b6 13. Bd2 O-O 14. Rae1 Bb7 15.
Nc4 Rfe8 16. Qe5 Qc6 17. Rf3 Nd5 18. Ne4 Rad8 19. b3 Ba8 20. Rg3 Bf8 21. Bc3 Kh8
22. Rxg7 f6 23. Rg3 fxe5 24. Bxe5+ Bg7 25. Rxg7 h6 26. Rc7+ Kg8 27. Nf6+ Nxf6
28. Rxc6 Bxc6 29. Bxf6 b5 30. Bxd8 bxc4 31. Bb6 cxd3 32. cxd3 Bd5 33. Bxc5 Bxb3
34. a5 Bc2 35. Re3 Kf7 36. Kf2 Rb8 37. Bb6 Rc8 38. Rh3 Kg6 39. Ke3 Bb3 40. Rg3+
Kf7 41. Rh3 Kg6 42. Rg3+ Kf7 43. Ke4 Rc2 44. Ke5 Rc6 45. d4 Ba2 46. Rh3 Kg6 47.
g4 Bc4 48. f5+ Kg5 49. Rh5+ Kxg4 50. Rxh6 Kg5 51. Rg6+ Kh5 52. Rf6 Bb3 53. fxe6
Rc2 54. e7 Ba4 55. Rf8 Kg6 56. Kd6 Re2 57. d5 Bb5 58. Bd4 1-0

[Event "London Classic FIDE Open"]
[Site "London ENG"]
[Date "2011.12.04"]
[Round "2"]
[White "Veznik, Michael"]
[Black "Kristinsson, Bjarni Jens"]
[Result "0-1"]
[WhiteElo "1821"]
[BlackElo "2045"]
[WhiteFideId "360287"]
[BlackFideId "2302950"]
[EventDate "2011.12.03"]

1. e4 c5 2. Nf3 d6 3. g3 g6 4. d4 cxd4 5. Qxd4 Nf6 6. e5 Nc6 7. Bb5 Bd7 8. Bxc6
Bxc6 9. exf6 Bxf3 10. O-O e5 11. Qh4 Qc7 12. Nd2 Bd5 13. c4 Be6 14. b3 h5 15.
Ne4 O-O-O 16. Be3 Bh6 17. Bxh6 Rxh6 18. Rac1 Rhh8 19. Qg5 h4 20. c5 d5 21. Nd6+
Kb8 22. Qxe5 Rh5 23. Qd4 hxg3 24. fxg3 Qa5 25. a4 Rdh8 26. Rf2 Qa6 27. Nb5 Qa5
28. Qf4+ Kc8 29. b4 Qd8 30. Nd6+ Kd7 31. Nxb7 Qc7 32. Nd6 Kd8 33. b5 d4 34. Qxd4
Rd5 35. Qe3 Rhh5 36. Rd2 Rhe5 37. Qf2 Kd7 38. Rcd1 Rxc5 39. Nxf7+ Red5 40. Ng5
Rc1 41. Rxd5+ Bxd5 42. Qd4 Qb6 43. Kf2 Rxd1 44. Qxb6 axb6 45. Ke3 Rf1 46. Kd4
Rxf6 47. Nh3 Kd6 48. Nf4 Bb3 0-1

[Event "London Classic FIDE Open"]
[Site "London ENG"]
[Date "2011.12.04"]
[Round "2"]
[White "Lenier, Jude A"]
[Black "Jones, Chris S"]
[Result "1/2-1/2"]
[WhiteElo "2030"]
[BlackElo "1868"]
[WhiteFideId "470678"]
[BlackFideId "414905"]
[EventDate "2011.12.03"]

1. e4 c5 2. Nf3 d6 3. d4 cxd4 4. Nxd4 Nf6 5. Nc3 g6 6. Be3 Bg7 7. f3 Nc6 8. Qd2
O-O 9. Bc4 Bd7 10. O-O-O Rc8 11. Bb3 Ne5 12. h4 h5 13. Rhg1 a5 14. Bh6 Bxh6 15.
Qxh6 Rxc3 16. bxc3 a4 17. f4 axb3 18. fxe5 Ng4 19. Qg5 bxa2 20. Nb3 Nxe5 1/2-1/2

[Event "London Classic FIDE Open"]
[Site "London ENG"]
[Date "2011.12.04"]
[Round "2"]
[White "Clayton, Tristan"]
[Black "Hoegener, Claude"]
[Result "0-1"]
[WhiteElo "1812"]
[BlackElo "2028"]
[WhiteFideId "416533"]
[BlackFideId "4000978"]
[EventDate "2011.12.03"]

1. e4 e6 2. d4 d5 3. Nd2 Nf6 4. e5 Nfd7 5. Bd3 c5 6. c3 Nc6 7. Ne2 cxd4 8. cxd4
f6 9. exf6 Nxf6 10. Nf3 Bd6 11. O-O O-O 12. Bf4 Bxf4 13. Nxf4 Ne4 14. g3 Qf6 15.
Bxe4 dxe4 16. Nd2 Qxd4 17. Re1 e5 18. Rxe4 Qd8 19. Qb3+ Rf7 20. Rd1 Nd4 21. Nc4
Bg4 22. Rdxd4 exd4 23. Ne5 Qf6 24. Nxg4 Qf5 25. f3 Kh8 26. Re5 Qd7 27. Rd5 Qc7
28. Rc5 Qxc5 29. Qxf7 d3+ 30. Kg2 d2 31. Nh6 Qf8 32. Qd5 gxh6 33. Qxd2 Qf6 34.
Qb4 Rd8 35. Qxb7 Rd2+ 36. Kh3 Qf5+ 37. g4 Qxf4 38. Qa8+ Kg7 39. Qxa7+ Kf8 40.
Qa8+ Ke7 41. Qa7+ Ke6 42. Qa6+ Kd5 43. Qb5+ Kd4 44. Qb6+ Kd3 45. Qb5+ Ke3 46.
Qc5+ Ke2 47. Qb5+ Ke1 0-1

[Event "London Classic FIDE Open"]
[Site "London ENG"]
[Date "2011.12.04"]
[Round "2"]
[White "Bishop, Geoffrey L"]
[Black "Cannon, Raymond C"]
[Result "0-1"]
[WhiteElo "1791"]
[BlackElo "2024"]
[WhiteFideId "417491"]
[BlackFideId "408018"]
[EventDate "2011.12.03"]

1. e4 g6 2. d4 Bg7 3. Nc3 d6 4. f4 Nf6 5. Nf3 O-O 6. e5 dxe5 7. dxe5 Qxd1+ 8.
Kxd1 Ng4 9. Ke1 Rd8 10. h3 Nh6 11. g4 Nc6 12. Be3 Nb4 13. Rc1 b6 14. a3 Bb7 15.
Kf2 Nd5 16. Nxd5 Bxd5 17. c4 Be4 18. Be2 c5 19. Rhd1 f6 20. e6 Rd6 21. Rxd6 exd6
22. Rd1 Bf8 23. f5 gxf5 24. e7 Bg7 25. Rxd6 Kf7 26. g5 Ng8 27. gxf6 Bxf6 28.
Ng5+ Kxe7 29. Nxe4 fxe4 30. Bf4 Bxb2 31. Bg4 Nf6 32. a4 Nxg4+ 33. hxg4 Rf8 0-1

[Event "London Classic FIDE Open"]
[Site "London ENG"]
[Date "2011.12.04"]
[Round "2"]
[White "Burnham, Frank D"]
[Black "Andersen, Niels Erik"]
[Result "1-0"]
[WhiteElo "1788"]
[BlackElo "2018"]
[WhiteFideId "419516"]
[BlackFideId "1406507"]
[EventDate "2011.12.03"]

1. e4 c5 2. b4 cxb4 3. a3 d5 4. e5 Nc6 5. d4 Qb6 6. Be3 Bf5 7. Nf3 e6 8. Be2
bxa3 9. Nxa3 Bxa3 10. O-O Bb4 11. c4 Nge7 12. c5 Qc7 13. Nh4 Be4 14. f4 g6 15.
g4 h6 16. Bd3 Bxd3 17. Qxd3 h5 18. f5 gxf5 19. gxf5 O-O-O 20. fxe6 fxe6 21. Rf7
Rdg8+ 22. Kh1 Qd8 23. Rf6 Qd7 24. Raf1 Rg4 25. Ng2 Nf5 26. Nf4 h4 27. Nxe6 Ng7
28. Rf8+ Rxf8 29. Rxf8+ Ne8 30. Qf5 Re4 31. Qg6 b6 32. Rxe8+ Kb7 33. Bg5 Ka6 34.
cxb6 axb6 35. Ra8+ Kb5 36. Bxh4 Nxd4 37. Nxd4+ Rxd4 38. Qc2 Qg4 39. Qa4+ Kc5 40.
Be7+ Kc4 41. Qxb4+ Kd3 42. Ra3+ Ke4 43. Qxd4+ 1-0

[Event "London Classic FIDE Open"]
[Site "London ENG"]
[Date "2011.12.04"]
[Round "2"]
[White "Frank-Nielsen, Marie"]
[Black "Wigbout, Rod"]
[Result "1/2-1/2"]
[WhiteTitle "WFM"]
[WhiteElo "2015"]
[BlackElo "1827"]
[WhiteFideId "1409344"]
[BlackFideId "419850"]
[EventDate "2011.12.03"]

1. c4 c5 2. g3 g6 3. Bg2 Bg7 4. Nc3 Nc6 5. a3 e5 6. b4 d6 7. Rb1 Nf6 8. d3 h6 9.
e3 Qe7 10. Nge2 O-O 11. O-O Bf5 12. b5 Nd8 13. e4 Bg4 14. h3 Bxe2 15. Nxe2 Ne6
16. a4 Qc7 17. Bd2 Kh7 18. f4 Nd7 19. f5 Nd4 20. g4 Nxe2+ 21. Qxe2 g5 22. Kf2
Kh8 23. Rh1 Bf6 24. Rbg1 a6 25. h4 Kg7 26. h5 axb5 27. axb5 Ra2 28. Ra1 Rfa8 29.
Rxa2 Rxa2 30. Rb1 b6 1/2-1/2

[Event "London Classic FIDE Open"]
[Site "London ENG"]
[Date "2011.12.04"]
[Round "2"]
[White "Turner, David J"]
[Black "Doran, Chris"]
[Result "0-1"]
[WhiteElo "1775"]
[BlackElo "2011"]
[WhiteFideId "419737"]
[BlackFideId "503835"]
[EventDate "2011.12.03"]

1. e4 c5 2. Nf3 d6 3. c3 Nc6 4. g3 g6 5. Bg2 Bg7 6. O-O e5 7. a3 a5 8. a4 Nge7
9. d3 O-O 10. Be3 Bg4 11. Qd2 f5 12. Ne1 Qd7 13. f4 b6 14. h3 Bh5 15. Na3 d5 16.
exd5 Nxd5 17. Nc4 Rab8 18. Rf2 Rfe8 19. fxe5 Nxe5 20. Bf4 Nxf4 21. Qxf4 h6 22.
Nxe5 Bxe5 23. Qc4+ Kg7 24. g4 fxg4 25. Bd5 Rf8 26. Rxf8 Rxf8 27. Qe4 Qd6 28. Ng2
gxh3 29. Nh4 Rf4 0-1

[Event "London Classic FIDE Open"]
[Site "London ENG"]
[Date "2011.12.04"]
[Round "2"]
[White "Gschwendtner, Stanislav"]
[Black "Staneland, Peter E"]
[Result "1/2-1/2"]
[WhiteElo "2011"]
[BlackElo "1812"]
[WhiteFideId "307297"]
[BlackFideId "416576"]
[EventDate "2011.12.03"]

1. c4 c5 2. g3 Nc6 3. Bg2 Nf6 4. Nc3 e5 5. d3 d6 6. Nf3 Be7 7. O-O Rb8 8. Rb1
Be6 9. Ng5 O-O 10. Nxe6 fxe6 11. e4 Nd4 12. Ne2 b5 13. Nxd4 cxd4 14. Bh3 Qd7 15.
cxb5 Rxb5 16. a4 Rb7 17. f4 Rfb8 18. fxe5 dxe5 19. b3 Rb6 20. Bd2 Rc6 21. b4 a6
22. Qb3 Bxb4 23. Rfc1 a5 24. Rxc6 Qxc6 25. Qxe6+ Qxe6 26. Bxe6+ Kf8 27. Bc4 Ke7
28. h3 Kd6 29. g4 Kc5 30. Bg5 Nxe4 31. Be7+ Nd6 32. Rf1 Bd2 33. Rf7 Be3+ 34. Kg2
Rb2+ 35. Kf1 Rh2 36. Rxg7 Rxh3 37. Rf7 Kc6 38. Rf6 Rh6 39. g5 Rxf6+ 40. gxf6 Bg5
41. Bg8 h5 42. Bd8 Kd7 43. f7 Nxf7 44. Bxa5 Nd6 45. Bd5 Nf5 46. Bf3 Ne3+ 47. Ke2
h4 48. Bb6 Bd8 49. Bc5 Ba5 50. Bf8 Ke6 51. Bh6 Nd5 52. Bg4+ Kf6 53. Bd2 Nc3+ 54.
Kf3 Bc7 55. Bd7 Ke7 56. Bh3 Nxa4 57. Bg5+ Kd6 58. Bxh4 Nc5 59. Bf5 Ne6 60. Bxe6
Kxe6 61. Ke4 1/2-1/2

[Event "London Classic FIDE Open"]
[Site "London ENG"]
[Date "2011.12.04"]
[Round "2"]
[White "Wallis, Ian J"]
[Black "Gisbert Mir, Alejandro"]
[Result "1-0"]
[WhiteElo "2003"]
[BlackElo "1793"]
[WhiteFideId "468452"]
[BlackFideId "22253653"]
[EventDate "2011.12.03"]

1. e4 c5 2. Nf3 d6 3. d4 cxd4 4. Nxd4 Nf6 5. Nc3 a6 6. Bg5 e6 7. f4 Qc7 8. Bxf6
gxf6 9. Qe2 Nc6 10. O-O-O Bd7 11. f5 h5 12. Kb1 O-O-O 13. Qf3 Ne5 14. Qf2 Be7
15. Nf3 Kb8 16. h3 Rc8 17. Bd3 Nc4 18. Bxc4 Qxc4 19. Rd4 Qc5 20. Qd2 Bc6 21. Rd3
Bb5 22. Nxb5 Qxb5 23. Rb3 Qc6 24. Nd4 Qxe4 25. Re1 Qd5 26. Rd3 e5 27. a3 Rhg8
28. g3 Qc5 29. Nb3 Qc6 30. Na5 Qd7 31. Rb3 Rc7 32. Qd5 Ka7 33. Re4 b5 34. Reb4
Qxf5 35. Nc6+ Rxc6 36. Qxc6 Rc8 37. Qg2 d5 38. Rf3 Rxc2 39. Qxc2 Qxf3 40. Qc7+ 1-0

[Event "London Classic FIDE Open"]
[Site "London ENG"]
[Date "2011.12.04"]
[Round "2"]
[White "York-Andersen, Anna"]
[Black "Obiamiwe, Paul"]
[Result "1/2-1/2"]
[WhiteElo "1755"]
[BlackElo "2001"]
[WhiteFideId "416789"]
[BlackFideId "8500215"]
[EventDate "2011.12.03"]

1. e4 c5 2. c4 d6 3. Nc3 Nf6 4. g3 Nc6 5. Bg2 g6 6. Nge2 Bg7 7. O-O O-O 8. d3 h6
9. Rb1 Bg4 10. h3 Bd7 11. Be3 e5 12. f4 Qc8 13. Kh2 a6 14. Qd2 Kh7 15. a3 Rb8
16. b4 cxb4 17. axb4 Nd4 18. Bxd4 exd4 19. Nxd4 Ng4+ 20. hxg4 Bxd4 21. f5 Qd8
22. Ne2 Be5 23. Nf4 Qg5 24. Qe2 Rbe8 25. Qd1 1/2-1/2

[Event "London Classic FIDE Open"]
[Site "London ENG"]
[Date "2011.12.04"]
[Round "2"]
[White "Opasiak, Dustin Tennessee"]
[Black "Casaschi, Paolo"]
[Result "0-1"]
[WhiteElo "1737"]
[BlackElo "1996"]
[WhiteFideId "24630217"]
[BlackFideId "824895"]
[EventDate "2011.12.03"]

1. e4 e6 2. Qe2 c5 3. Nf3 Nc6 4. g3 Be7 5. Bg2 Nf6 6. O-O O-O 7. c3 a6 8. a4 Na5
9. Na3 Nb3 10. Rb1 Rb8 11. d3 Nxc1 12. Rbxc1 b5 13. axb5 axb5 14. Nc2 Qb6 15. d4
Bb7 16. dxc5 Bxc5 17. b4 Be7 18. Nfd4 Bc6 19. Nb3 Rfc8 20. Ncd4 Ba8 21. Kh1 e5
22. Nf5 Bf8 23. Rfd1 g6 24. Nh4 Rc7 25. f3 Rbc8 26. Qd3 d5 27. exd5 Bxd5 28. Qb1
Rxc3 29. Rxc3 Rxc3 30. Nd2 Qc6 31. Ne4 Nxe4 32. fxe4 Bb3 33. Rf1 Bxb4 34. Qb2
Bd6 35. Qd2 Be7 36. Nf3 Qc5 37. Qd7 Rc1 38. Qe8+ Kg7 39. Qb8 Bd6 40. Qe8 Rxf1+
41. Bxf1 Qf2 42. Bg2 Bd1 43. Ng1 h5 44. Qxb5 Bc5 45. Qf1 Qxf1 46. Bxf1 Bc2 47.
Bg2 f5 48. exf5 gxf5 49. Nf3 e4 50. Nh4 Kf6 51. Bf1 Bd1 52. Kg2 Be3 53. Bb5 Bg5
54. Kf2 Bxh4 55. gxh4 Ke5 56. Ke3 f4+ 57. Kd2 Bg4 58. Bf1 Kd4 59. Bg2 f3 60. Bf1
e3+ 61. Kc2 e2 62. Bxe2 fxe2 63. Kd2 Bf3 64. Ke1 Ke3 65. h3 Bg4 66. hxg4 hxg4 0-1

[Event "London Classic FIDE Open"]
[Site "London ENG"]
[Date "2011.12.04"]
[Round "2"]
[White "Lappas, Konstantinos"]
[Black "Keuneke, Hanno"]
[Result "1/2-1/2"]
[WhiteElo "1992"]
[BlackElo "1782"]
[WhiteFideId "4275748"]
[BlackFideId "4609271"]
[EventDate "2011.12.03"]

1. e4 e5 2. Nf3 Nc6 3. d4 exd4 4. Nxd4 Bc5 5. Nb3 Bb6 6. Qe2 Qf6 7. Nc3 Nge7 8.
Be3 O-O 9. O-O-O d6 10. f4 Bg4 11. Qxg4 Bxe3+ 12. Kb1 Qxf4 13. Qd7 Bb6 14. Bd3
Rad8 15. Qh3 Ne5 16. Rhf1 Qg4 17. Qxg4 Nxg4 18. Rf3 Nxh2 19. Rg3 Bf2 20. Rg5 h6
21. Rb5 b6 22. Be2 g6 23. g4 a6 24. Rb4 b5 25. Rh1 c5 26. Rxb5 axb5 27. Rxh2 b4
28. Nd1 Bg3 29. Rxh6 g5 30. Ne3 Kg7 31. Rh3 Bf4 32. Ng2 Be5 33. Rh5 Kg6 34. Nd2
Rh8 35. Nc4 Nc6 36. Nge3 Ne7 37. Bf3 Bf4 38. c3 bxc3 39. bxc3 Rxh5 40. gxh5+ Kg7
41. Kc2 Bxe3 42. Nxe3 Ng8 43. a4 Nf6 44. Kb3 Rb8+ 45. Kc4 Kh7 46. a5 Nd7 47. Ng4
Ra8 48. Kb5 Ne5 49. Nxe5 dxe5 50. a6 Rb8+ 51. Kxc5 Rb3 52. Be2 Rxc3+ 53. Kb6
Rb3+ 54. Bb5 g4 55. a7 Ra3 56. Ba6 g3 57. Bf1 Rb3+ 58. Kc6 Ra3 59. Kb7 Rb3+ 60.
Kc7 1/2-1/2

[Event "London Classic FIDE Open"]
[Site "London ENG"]
[Date "2011.12.04"]
[Round "2"]
[White "Forsa, Elise"]
[Black "Flynn, David"]
[Result "1-0"]
[WhiteElo "1728"]
[BlackElo "1978"]
[WhiteFideId "1500163"]
[BlackFideId "410594"]
[EventDate "2011.12.03"]

1. e4 c5 2. Nf3 d6 3. d4 cxd4 4. Nxd4 Nf6 5. Nc3 a6 6. a4 e5 7. Nb3 b6 8. f3 Bb7
9. Be3 Nbd7 10. Bc4 Rc8 11. Qe2 Nb8 12. Rd1 Qc7 13. Bd3 Be7 14. O-O O-O 15. f4
Rfd8 16. Nd2 d5 17. exd5 Nxd5 18. Nxd5 Bxd5 19. Qh5 g6 20. Qh6 Bf8 21. Qg5 Bg7
22. f5 f6 23. Qg4 g5 24. Qb4 Qb7 25. Ne4 Rc6 26. c4 Bf8 27. Qe1 Bf7 28. Nxf6+
Rxf6 29. Bxg5 Re8 30. Bxf6 Bg7 31. Bxg7 Kxg7 32. f6+ Kh8 33. Be4 Qc7 34. Qh4 h5
35. Qg5 Qc5+ 36. Kh1 Qf8 37. Bg6 Bxg6 38. Qxg6 Re6 39. Rf5 1-0

[Event "London Classic FIDE Open"]
[Site "London ENG"]
[Date "2011.12.04"]
[Round "2"]
[White "McKerracher, Douglas"]
[Black "Kouchak, Jason"]
[Result "1-0"]
[WhiteElo "1976"]
[BlackElo "1776"]
[WhiteFideId "2401002"]
[BlackFideId "26011379"]
[EventDate "2011.12.03"]

1. e4 d5 2. exd5 Nf6 3. Nf3 Qxd5 4. Nc3 Qa5 5. d4 c6 6. Bd2 Qc7 7. Bc4 Bf5 8.
Ne5 e6 9. g4 Bg6 10. h4 h5 11. Nxg6 fxg6 12. g5 Nd5 13. Qe2 Qd7 14. O-O-O Bd6
15. Nxd5 b5 16. Bb3 O-O 17. Nb6 Qe7 18. Nxa8 Kh7 19. Qxe6 Qxe6 20. Bxe6 Na6 21.
f4 Rxa8 22. f5 gxf5 23. Bxf5+ g6 24. Be4 1-0

[Event "London Classic FIDE Open"]
[Site "London ENG"]
[Date "2011.12.04"]
[Round "2"]
[White "Zygourakis, Themistoklis"]
[Black "Iyengar, Ilya"]
[Result "0-1"]
[WhiteElo "1688"]
[BlackElo "1974"]
[WhiteFideId "4215141"]
[BlackFideId "405949"]
[EventDate "2011.12.03"]

1. e4 c5 2. c3 d5 3. exd5 Qxd5 4. d4 Nc6 5. Nf3 Bg4 6. Be2 cxd4 7. cxd4 e6 8.
Nc3 Bb4 9. O-O Qa5 10. d5 exd5 11. h3 Bxf3 12. Bxf3 Bxc3 13. bxc3 Nge7 14. Qb3
b6 15. Bf4 O-O 16. Rfe1 Rad8 17. Rad1 d4 18. c4 Qc5 19. Qb5 Ng6 20. Qxc5 bxc5
21. Bg3 Nce7 22. Be4 f5 23. Bd3 Rfe8 24. Bc7 Rd7 25. Ba5 Kf7 26. g3 Rb7 27. Rb1
Reb8 28. f4 Rxb1 29. Rxb1 Rxb1+ 30. Bxb1 Ke6 31. Kf2 Nc6 32. Bd2 Nge7 33. a3 g6
34. Kf3 Nc8 35. Bc2 Nb6 36. Bb3 Nd8 37. Ke2 Nf7 38. Kd3 Nd6 39. Be1 Kf6 40. g4
fxg4 41. hxg4 h5 42. Bh4+ Kf7 43. gxh5 gxh5 44. Bd1 Kg6 45. Bb3 Kf5 46. Be7 Ne4
47. Bh4 Kxf4 48. Bd1 Nd7 49. Bxh5 Ne5+ 50. Kc2 Ke3 51. Be7 d3+ 52. Kb3 Kd4 53.
Bf8 Nd2+ 54. Ka4 Kxc4 55. Be8 Kd5 56. Bb5 c4 57. Kb4 Nb1 58. Bh6 d2 59. Bxd2
Nxd2 60. a4 Nc6+ 61. Kc3 Ne4+ 62. Kc2 Nd4+ 0-1

[Event "London Classic FIDE Open"]
[Site "London ENG"]
[Date "2011.12.04"]
[Round "2"]
[White "Hjort, Helge"]
[Black "Pattni, Kishan"]
[Result "1/2-1/2"]
[WhiteElo "1969"]
[BlackElo "1687"]
[WhiteFideId "1436678"]
[BlackFideId "420751"]
[EventDate "2011.12.03"]

1. d4 f5 2. Nf3 Nf6 3. Bg5 e6 4. Nbd2 d5 5. e3 Bd6 6. Ne5 Nbd7 7. f4 c6 8. Be2
O-O 9. O-O Qb6 10. Bxf6 Rxf6 11. Rb1 c5 12. c3 a6 13. Ndf3 Rh6 14. Nxd7 Bxd7 15.
Ne5 Qc7 16. b4 c4 17. a4 b6 18. Ra1 Rf8 19. Kh1 Bxe5 20. dxe5 Qd8 21. g3 g5 22.
Qd4 g4 23. Rfd1 Rf7 24. Rd2 Rg6 25. Kg1 h5 26. a5 b5 27. Bf1 Rh6 28. Bg2 Qc7 29.
Kf2 Bc6 30. Rdd1 Qa7 31. Qxa7 Rxa7 32. Rh1 h4 33. h3 hxg3+ 34. Kxg3 Rg7 35. h4
Rgh7 36. Rad1 Rg7 37. Rd4 Rc7 38. Rh2 Rh5 39. Rh1 Kf7 1/2-1/2

[Event "London Classic FIDE Open"]
[Site "London ENG"]
[Date "2011.12.04"]
[Round "2"]
[White "Phillips, Owen S"]
[Black "Melcon Diez, Enrique"]
[Result "1-0"]
[WhiteElo "1959"]
[BlackElo "1632"]
[WhiteFideId "417882"]
[BlackFideId "32043180"]
[EventDate "2011.12.03"]

1. e4 c5 2. Nc3 g6 3. Nge2 Bg7 4. g3 Nc6 5. Bg2 Nf6 6. d3 O-O 7. O-O Rb8 8. Bg5
h6 9. Be3 d6 10. Qd2 Ng4 11. h3 Nxe3 12. Qxe3 Nd4 13. Qc1 Be6 14. Nxd4 cxd4 15.
Nd5 Bxd5 16. exd5 Qd7 17. Kh2 Rfc8 18. Qd2 Rc5 19. b4 Rc3 20. a4 Rbc8 21. Ra2 b5
22. a5 Qc7 23. Re1 Bf8 24. Re2 Kh7 25. Qf4 f5 26. Qxd4 Bg7 27. Qe3 Bf6 28. Qe6
Kg7 29. Qe3 Qd7 30. f4 R8c7 31. Bf3 a6 32. g4 Qc8 33. Qf2 Qb7 34. gxf5 gxf5 35.
Qg2+ Kh7 36. Bh5 Qc8 37. Qg6+ Kh8 38. Qxh6+ Kg8 39. Rg2+ 1-0

[Event "London Classic FIDE Open"]
[Site "London ENG"]
[Date "2011.12.04"]
[Round "2"]
[White "White, David J"]
[Black "Steinhart, Roel"]
[Result "1-0"]
[WhiteElo "1958"]
[BlackElo "1594"]
[WhiteFideId "402931"]
[BlackFideId "1040146"]
[EventDate "2011.12.03"]

1. e4 e5 2. f4 Bc5 3. Nf3 d6 4. Bc4 Bg4 5. fxe5 dxe5 6. Bxf7+ Kf8 7. h3 Bxf3 8.
Qxf3 Qf6 9. Bxg8 Rxg8 10. Rf1 Nd7 11. Qh5 Qxf1+ 12. Kxf1 Nf6 13. Qxe5 Bd6 14.
Qf5 Re8 15. d3 Kf7 16. Nc3 Rgf8 17. Kg1 Kg8 18. d4 Nxe4 19. Qd5+ Kh8 20. Nxe4
Be7 21. Bg5 1-0

[Event "London Classic FIDE Open"]
[Site "London ENG"]
[Date "2011.12.04"]
[Round "2"]
[White "Lie, Terje"]
[Black "Calder, Dennis"]
[Result "0-1"]
[WhiteElo "1644"]
[BlackElo "1953"]
[WhiteFideId "1504916"]
[BlackFideId "4697359"]
[EventDate "2011.12.03"]

1. d4 d5 2. c4 c6 3. Nc3 Nf6 4. Bg5 Nbd7 5. Nf3 h6 6. Bh4 Qb6 7. Qc2 e6 8. e3
Be7 9. Bd3 dxc4 10. Bxc4 Nd5 11. Bxe7 Nxe7 12. O-O O-O 13. a3 Qc7 14. b4 e5 15.
Rac1 exd4 16. Nxd4 Ne5 17. Be2 Bg4 18. f3 Bh5 19. Nf5 Nxf5 20. Qxf5 Bg6 21. Qf4
Qe7 22. e4 f6 23. Rfd1 Rfd8 24. Na4 Bf7 25. Nb2 b6 26. Qg3 Rxd1+ 27. Rxd1 c5 28.
Qe1 cxb4 29. Qxb4 Qxb4 30. axb4 a5 31. Ra1 Kf8 32. Kf2 Ke7 33. Ke3 Nc6 34. b5
Nb4 35. Rc1 Ra7 36. Rc8 a4 37. Nxa4 Rxa4 38. Rc7+ Ke8 39. Rb7 Ra3+ 40. Kf4 Ra2
41. Bf1 Rf2 42. Rxb6 Rxf1 43. Rb8+ Ke7 44. Rb7+ Kf8 45. Rb8+ Be8 46. b6 Nd3+ 47.
Kf5 Rb1 48. Ke6 Nc5+ 49. Kd6 Nd7 50. b7 Nxb8 51. Kc7 Na6+ 52. Kc8 Ke7 0-1

[Event "London Classic FIDE Open"]
[Site "London ENG"]
[Date "2011.12.05"]
[Round "3"]
[White "Bates, Richard A"]
[Black "Gupta, Abhijeet"]
[Result "0-1"]
[WhiteTitle "IM"]
[BlackTitle "GM"]
[WhiteElo "2386"]
[BlackElo "2640"]
[WhiteFideId "403555"]
[BlackFideId "5010608"]
[EventDate "2011.12.03"]

1. d4 e6 2. Nf3 Nf6 3. c4 d5 4. g3 dxc4 5. Bg2 c6 6. O-O b5 7. a4 Bb7 8. b3 cxb3
9. Qxb3 b4 10. a5 c5 11. dxc5 Bxc5 12. Rd1 Bd5 13. Qa4+ Qd7 14. Ne5 Qxa4 15.
Rxa4 Bb3 16. Bxa8 Bxa4 17. Rd2 Nbd7 18. Nd3 O-O 19. Bf3 Rc8 20. Rb2 Bd6 21. Be3
Rc2 22. Bxa7 Ne5 23. Nd2 Nxd3 24. Rxc2 Bxc2 25. exd3 Bxd3 26. Bb7 Nd7 27. Ne4 b3
28. Bd4 Bc5 29. Nxc5 Nxc5 30. a6 Bxa6 31. Bxc5 Bxb7 32. Bd4 f6 33. f4 Kf7 34.
Kf2 Kg6 35. h4 Kf5 36. Ke3 Kg4 37. Kf2 Be4 38. Bb2 Bc2 39. Bc3 h5 40. Bb2 Bh7
41. Bc3 Bc2 42. Bb2 g5 43. fxg5 fxg5 44. Bf6 gxh4 0-1